000 01134cab a2200337 4500
001 ABS58270
008 090401t1998 xxu||||| |||| 00| 0 eng d
035 _a(Sirsi) u84614
041 _aeng
245 _aFocus `98: East Midlands Industrial and Distribution
260 _c1998
350 _a0
490 _aEstates Gazette
_v(9808) 21 February 1998, 105-145(12)
520 _aSpecial report on the industrial and distribution market in the East Midlands. Looks at regeneration schemes for disused mines, demand for secondhand industrial property, and Ikea`s choice of Thrapston in Northamptonshire for the location of its first UK distribution centre.
650 _aBURTON ON TRENT
650 _aCOAL MINES
650 _aCORBY
650 _aDERBY
650 _aDISTRIBUTION MARKET
650 _aEAST MIDLANDS
650 _aIKEA
650 _aINDUSTRIAL MARKET
650 _aLEICESTER
650 _aLINCOLNSHIRE
650 _aNORTHAMPTON
650 _aNOTTINGHAM
650 _aSECONDHAND SPACE
690 _aPROPERTY-COMMERCIAL PROPERTY-COMMERCIAL PROPERTY MARKET
942 _n0
948 _c02/03/1998
999 _c53192
_d53192